Bane Bane no Mi - Statistics

General Stats
  • This quiz has been taken 8 times
  • The average score is 8 of 12
Answer Stats
Hint Answer % Correct
How old is the user before the time skip? 25
75%
What is the current age of the user? 27
75%
Who ate the Bane Bane no Mi? Bellamy
75%
What is Bellamy's epithet? Hyena
75%
What type of Devil Fruit is Bane Bane no Mi? Paramecia
75%
If someone ate Bane Bane no Mi, what kind of human would they become? (Add human to the end of answer) Spring Human
75%
What is Bane Bane no Mi in english? Spring-Spring Fruit/Boing-Boing Fruit
75%
What is the blood type of the user? F
63%
What was the user's bounty before the time skip? 55,000,000
50%
Which arc did the user first appear in? Jaya Arc
50%
When is the user's birthday? August 7th
38%
What is the user's current bounty? 195,000,000
25%
No matching quizzes found
Score Distribution
Percent of People with Each Score
Percentile by Number Answered
Your Score History
You have not taken this quiz